000 00779nam a2200205Ia 4500
003 GCL
008 140319s9999 xx 000 0 ara d
040 _aGCL /
_cGCL
082 0 4 _aق
_b953.0962
_bع ع
100 1 _aعبدالرازق الطنطاوى القرموط
245 1 0 _aالعلاقات المصرية العثمانية: 784 - 923 \ 1382 - 1517 /
_cعبدالرازق الطنطاوى القرموط
300 _a301 ص
490 _aالهيئة العامة للاستعلامات
_v0
650 0 4 _aالعلاقات الخارجية
650 0 4 _aالتاريخ
650 0 4 _aالامبراطورية العثمانية
650 0 4 _aالعثمانيون
650 0 4 _aمصر - تاريخ - العصر العثمانى ( 1517-1914 م )
942 _2ddc
_cBK
999 _c49659
_d49659